Návrh na zefektívnenie dopravnej a prepravnej logistiky v podniku : Diplomová práca

Enregistré dans:
Détails bibliographiques
Auteur principal: Flux, Marián (Auteur)
Autres auteurs: Makyšová, Helena, 1976- (xxx)
Format: Manuscrit Livre
Langue:slovaque
Publié: Trnava : STU v Bratislave MtF KPIM, 2004
Sujets:
Tags: Ajouter un tag
Pas de tags, Soyez le premier à ajouter un tag!

MARC

LEADER 00000ntm a22000003a 4500
001 stu89303
005 20160719154656.8
008 040728s2004----xo------------------slo-d
040 |a STU  |b slo 
041 0 |a slo 
044 |a xo 
100 1 |a Flux, Marián  |4 aut 
245 1 |a Návrh na zefektívnenie dopravnej a prepravnej logistiky v podniku :  |b Diplomová práca 
260 |a Trnava :  |b STU v Bratislave MtF KPIM,  |c 2004 
300 |a 64 s  |c CD 
650 7 |a priemyselné inžinierstvo a manažment  |2 stusub 
650 7 |a logistika  |2 stusub 
700 1 |a Makyšová, Helena,  |d 1976-  |4 xxx  |u M4000  |U MTF Materiálovotechnologická fakulta  |T MTF Ústav priemyselného inžinierstva a manažmentu  |X 2772  |U M4000  |Y 84  |7 A000002772 
996 |b 284M059980  |c M*DP-5245  |l MMSKP  |s P  |a 0  |w stu89303_0001